00629nam a2200157 a 4500008004100000020001500041050001500056100002000071245006700091260005300158300000900211350000900220995009400229999001700323952013100340120416s0000 ||||||||||||||||| || u a0534030513 aTJ 265 Per aPerry, Robert L10aSolutions manual for thermodynamics for engineering technology aNorth Scituate, [Mass.]bBreton Publishersc1984 a80p. a0.00 D0.00FCBU-MAIN LIBRARY (Kitwe)H1I15.00M1UDAMAGEDZMain Library Open Access Collection c57903d57903 00102lcc4070a001b001cMain Library Open Access Collectiond2022-11-30l0oTJ 265 Perp017769r2022-11-30w2022-11-30y002